| 000 | 00478nam a2200193Ia 4500 | ||
|---|---|---|---|
| 005 | 20240823030709.0 | ||
| 008 | 240823s9999||||xx |||||||||||||| ||und|| | ||
| 020 | _a978-81-224-1160-7 | ||
| 041 | _aENGLISH | ||
| 082 | _A530.132 P9 | ||
| 100 | _aLaud B B | ||
| 245 | 0 | _aFundamentals of Statiatical Mechanics | |
| 250 | _a1st | ||
| 260 |
_c2009 _bNew Age International (P _aNew Delhi |
||
| 500 | _aYES | ||
| 650 |
_aMechanics _bMechanical |
||
| 942 | _cBK | ||
| 999 |
_c189316 _d189316 |
||